书目信息 |
| 题名: |
神经细胞培养理论与技术
|
|
| 作者: | 王廷华 , 冯忠堂 , (新加坡) 主编 | |
| 分册: | ||
| 出版信息: | 北京 科学出版社 2005 |
|
| 页数: | 185页 | |
| 开本: | 26cm | |
| 丛书名: | 21世纪生物技术丛书 | |
| 单 册: | ||
| 中图分类: | Q813.1 | |
| 科图分类: | ||
| 主题词: | 神经系统--细胞培养 , 神经系统 , 细胞培养 | |
| 电子资源: | ||
| ISBN: | 7-03-014642-5 | |
| 000 | 01165nam0 2200313 450 | |
| 000 | 01172nam0 2200313 450 | |
| 000 | 01103nam0 2200289 450 | |
| 000 | 01066nam0 2200277 45 | |
| 005 | 20070529081328.10 | |
| 010 | @a7-03-014642-5@dCNY34.80 | |
| 100 | @a20070418d2005 em y0chiy0120 ea | |
| 101 | 0 | @achi |
| 102 | @aCN@b110000 | |
| 105 | @aa z 000yy | |
| 200 | 1 | @a神经细胞培养理论与技术@AShen Jing Xi Bao Pei Yang Li Lun Yu Ji Shu@f王廷华,冯忠堂,( )Eng-Ang Ling主编@FWang Ting Hua, Feng Zhong Tang, ( )Eng-Ang Ling Zhu Bian |
| 210 | @a北京@c科学出版社@d2005 | |
| 215 | @a185页@c图@d26cm | |
| 225 | 2 | @a21世纪生物技术丛书 |
| 330 | @a全书分18章,主要介绍了神经细胞培养的相关理论与技术,包括神经细胞的结构与功能、神经胶质细胞和神经干细胞的相关理论与研究进展等。 | |
| 410 | 0 | @12001 @a21世纪生物技术丛书 |
| 606 | 0 | @a神经系统@x细胞培养 |
| 606 | 0 | @a神经系统 |
| 606 | 0 | @a细胞培养 |
| 690 | @aQ813.1@v4 | |
| 701 | 0 | @a王廷华@AWang Ting Hua@4主编 |
| 701 | 0 | @a冯忠堂@AFeng Zhong Tang@f(1944.12~) 主编 |
| 701 | 1 | @a(新加坡)@A( Xin Jia Po )@a林@ALin@g(Ling, Eng-Ang)@4主编 |
| 801 | 0 | @aCN@bTAOJIN@c20070529 |
| 905 | @a10447@dQ813.1@e98 | |
| 神经细胞培养理论与技术/王廷华,冯忠堂,( )Eng-Ang Ling主编.-北京:科学出版社,2005 |
| 185页:图;26cm.-(21世纪生物技术丛书) |
| ISBN 7-03-014642-5:CNY34.80 |
| 全书分18章,主要介绍了神经细胞培养的相关理论与技术,包括神经细胞的结构与功能、神经胶质细胞和神经干细胞的相关理论与研究进展等。 |
| ● |
| 相关链接 |
|
|
|
|
正题名:神经细胞培养理论与技术
索取号:Q813.1/98
 
预约/预借
| 序号 | 登录号 | 条形码 | 馆藏地/架位号 | 状态 | 备注 |
| 1 | 0523461 | 205234619 | 第二样本阅览室/ [索取号:Q813.1/98] | 在馆 | |
| 2 | 0523462 | 205234628 | 第三借阅区/ [索取号:Q813.1/98] | 在馆 |